000 00460nam a22001577a 4500
005 20240828135805.0
008 240828b |||||||| |||| 00| 0 eng d
041 _aEnglish/Afrikaans
082 _a349 LAW
100 _lEnglish/Afrikaans
245 _aThe Laws of the Republic of Namibia 1998
260 _aWindhoek:
_bBy Authority,
_c1998
300 _b35 cm.
_c30 cm.
650 _aLegal practice
_bLaw
942 _cBK
_6ALISON_BN_VRIES
999 _c2924
_d2924